Poznaj języki po nazwach miesięcy - Statystyki

Ogólne statystyki
  • Ten quiz został rozwiązany 29 razy
  • Średni wynik to 3 z 15
Statystyki odpowiedzi
Nazwa miesiąca Język % Poprawnych
Helmikuu (luty) Fiński
64%
Lapkritis (listopad) Litewski
64%
Octubre (październik) Hiszpański | Kataloński
50%
Prosinac (grudzień) Chorwacki
46%
Mawrth (marzec) Walijski
29%
žnívjen (sierpień) Białoruski
25%
Duben (kwiecień) Czeski
18%
Ocak (styczeń) Turecki
18%
Ekain (czerwiec) Baskijski
7%
Veebruar (luty) Estoński
7%
Bealtine (Maj) Irlandzki
7%
Tetor (październik) Albański
4%
Strumiannik (marzec) Kaszubski
4%
Gouere (lipiec) Bretoński
0%
Cabudanni (wrzesień) Sardyński
0%
Nie znaleziono quizów pasujących do podanych kryteriów
Rozkład punktacji
Procent ludzi z każdym wynikiem
Percentyl według liczby udzielonych odpowiedzi
Twoja historia wyników
Nie rozwiązałeś tego quizu